| 000 | 00573nam a2200157 a 4500 | ||
|---|---|---|---|
| 008 | 120416s1974 ||||||||||||||||| || u | ||
| 050 | _aHG 4028.C4 Bie | ||
| 100 | _aBierman, Harold | ||
| 245 | 1 | 4 | _aThe capital budgeting decision |
| 246 | _aeconomic analysis and financing of investment projects | ||
| 250 | _a3rd ed. | ||
| 260 |
_aNew York _bMacmillan _c1974 |
||
| 300 | _ax, 482p. : ill. | ||
| 350 | _a0.00 | ||
| 995 |
_D0.00 _FCBU-MAIN LIBRARY (Kitwe) _H1 _I10.95 _M1 _UAVAILABLE _ZAnnex Low-Usage Collection |
||
| 999 |
_c36703 _d36703 |
||